000 01138cam a22002651i 4500
003 SA-RiAUC
005 20241213144740.0
008 241212s2013 su g i000 0 ara c
040 _aSA-JeOIC
_bara
_cSA-RiAUC.
_erda
082 0 4 _a214.3
_qSA-RiAUC
090 _a214.3
_bم ج م
245 0 0 _aموقف الإسلام من الغلو والتطرف وما يسمى بالإرهاب في هذه الأيام /
_cمجموعة باحثين ؛ راجعه أحمد عبد العليم أبو عليو.
250 _aالطبعة الأولى.
264 1 _aجدة، السعودية :
_b‏مجمع الفقه الإسلامي الدولي،
_c‏2013‏
300 _a880 صفحة ؛
_c24 سم
336 _aنص
_btxt
_2rdacontent
_3كتاب
337 _aبدون وسيط
_bn
_2rdamedia
338 _aمجلد
_bnc
_2rdacarrier
650 7 _aالإسلام والإرهاب
_2aucsh
650 7 _aالإسلام والعنف
_2aucsh
650 7 _aالإسلام
_xدفع مطاعن
_2aucsh
700 1 _aأبو عليو، أحمد عبد العليم
_eمراجع.
942 _2ddc
_cBOOK
_n0
949 _aSA-JeALM
_d241212
_umohamedma123
_n1
999 _c3430
_d3430